[Event "Gelsenkirchen Silvester op 3rd"]
[Site "Gelsenkirchen"]
[Date "2015.12.29"]
[Round "5"]
[White "Chamera, Maxim"]
[Black "Zamhoefer, Luca"]
[Result "1-0"]
[WhiteElo "1416"]
[BlackElo "1065"]
[PlyCount "67"]
[EventDate "2015.12.27"]
[EventType "swiss"]
[EventRounds "5"]
[EventCountry "GER"]
[SourceTitle "EXT 2019"]
[Source "ChessBase"]
[SourceDate "2018.10.10"]
[SourceVersion "1"]
[SourceVersionDate "2018.10.10"]
[SourceQuality "1"]

1. e4 e5 2. Nf3 Nc6 3. d4 exd4 4. Nxd4 Bc5 5. Be3 Nxd4 6. Bxd4 Nf6 7. Nc3 d6 8. Bb5+ Bd7 9. 0-0 0-0 10. Re1 Re8 11. Qd2 h6 12. Bc4 b5 13. Bb3 b4 14. Bxf6 Qxf6 15. Nd5 Qd8 16. Nxb4 Bxb4 17. Qxb4 Qg5 18. Qc4 Be6 19. Qxc7 Bxb3 20. axb3 Red8 21. Rad1 Qf6 22. Rd2 Qxb2 23. Red1 Qf6 24. Rxd6 Rxd6 25. Qxd6 Qxd6 26. Rxd6 Re8 27. c4 Kf8 28. c5 Ke7 29. c6 Rb8 30. Rd7+ Kf8 31. c7 Re8 32. Rd8 h5 33. Rxe8+ Kxe8 34. c8Q+ 1-0

[Event "Gelsenkirchen Silvester op 3rd"]
[Site "Gelsenkirchen"]
[Date "2015.12.28"]
[Round "3"]
[White "Heiermann, Ludger"]
[Black "Chamera, Maxim"]
[Result "1-0"]
[WhiteElo "1637"]
[BlackElo "1416"]
[PlyCount "81"]
[EventDate "2015.12.27"]
[EventType "swiss"]
[EventRounds "5"]
[EventCountry "GER"]
[SourceTitle "EXT 2019"]
[Source "ChessBase"]
[SourceDate "2018.10.10"]
[SourceVersion "1"]
[SourceVersionDate "2018.10.10"]
[SourceQuality "1"]

1. e4 c6 2. d4 d5 3. exd5 cxd5 4. Bd3 Nc6 5. c3 Nf6 6. Bf4 e6 7. Nf3 Bd6 8. Bxd6 Qxd6 9. 0-0 0-0 10. Re1 Re8 11. Nbd2 e5 12. dxe5 Nxe5 13. Nxe5 Rxe5 14. Rxe5 Qxe5 15. Nf3 Qh5 16. Qd2 Bd7 17. Re1 Bc6 18. Re5 Qg4 19. h3 Qd7 20. Bf5 Qd6 21. Qd4 Bd7 22. Qf4 Bxf5 23. Qxf5 Qb6 24. Re2 Qa6 25. Qe5 Qxa2 26. Qe7 Qa1+ 27. Kh2 Qa6 28. Nd4 Ne4 29. g3 Rb8 30. Kg2 Qd6 31. Qh4 Qf6 32. Qg4 Qd6 33. Nf5 Qf6 34. Nd4 Qg6 35. Qd7 Qd6 36. Qg4 Qg6 37. Qf4 Rc8 38. f3 Nf6 39. Nf5 d4 40. Ne7+ Kf8 41. Nxg6+ 1-0